<?xml version="1.0" encoding="UTF-8"?>
<record
    xmlns:xsi="http://www.w3.org/2001/XMLSchema-instance"
    xsi:schemaLocation="http://www.loc.gov/MARC21/slim http://www.loc.gov/standards/marcxml/schema/MARC21slim.xsd"
    xmlns="http://www.loc.gov/MARC21/slim">

  <leader>01510    a2200265   4500</leader>
  <controlfield tag="001">113336</controlfield>
  <controlfield tag="003">OSt</controlfield>
  <controlfield tag="005">20240412192832.0</controlfield>
  <controlfield tag="008">240412b        |||||||| |||| 00| 0 POR d</controlfield>
  <datafield tag="020" ind1=" " ind2=" ">
    <subfield code="a">9788565771061</subfield>
  </datafield>
  <datafield tag="040" ind1=" " ind2=" ">
    <subfield code="a">BR-BrIDEA</subfield>
    <subfield code="c">BR-BrIDEA</subfield>
  </datafield>
  <datafield tag="041" ind1=" " ind2=" ">
    <subfield code="a">por</subfield>
  </datafield>
  <datafield tag="082" ind1=" " ind2=" ">
    <subfield code="a">869</subfield>
  </datafield>
  <datafield tag="090" ind1=" " ind2=" ">
    <subfield code="a">P Year 8 869 COU</subfield>
  </datafield>
  <datafield tag="100" ind1=" " ind2=" ">
    <subfield code="a">Couto, Mia.</subfield>
  </datafield>
  <datafield tag="245" ind1="1" ind2="0">
    <subfield code="a">A menina sem palavras</subfield>
    <subfield code="c"> Mia Couto</subfield>
  </datafield>
  <datafield tag="250" ind1=" " ind2=" ">
    <subfield code="a">1.ed.</subfield>
  </datafield>
  <datafield tag="260" ind1=" " ind2=" ">
    <subfield code="a">S&#xE3;o Paulo</subfield>
    <subfield code="b">Boa Companhia</subfield>
    <subfield code="c">2013</subfield>
  </datafield>
  <datafield tag="300" ind1=" " ind2=" ">
    <subfield code="a">160p.</subfield>
    <subfield code="c">20.8 x 13.8 x 1 cm</subfield>
  </datafield>
  <datafield tag="520" ind1=" " ind2=" ">
    <subfield code="a">Os dezessete contos desta antologia foram escritos em fases distintas da carreira do escritor Mia Couto e comp&#xF5;em um panorama surpreendente do universo infantil em Mo&#xE7;ambique. Acostumados a reconhecer nos povos africanos a viol&#xEA;ncia e a mis&#xE9;ria, o leitor encontrar&#xE1; nessa sele&#xE7;&#xE3;o uma delicadeza que n&#xE3;o se v&#xEA; nos relatos oficiais. As hist&#xF3;rias selecionadas mostram a complexidade que move as rela&#xE7;&#xF5;es familiares, a orfandade em um pa&#xED;s que viveu por anos em guerra, a realidade das crian&#xE7;as submetidas ao trabalho infantil e os resqu&#xED;cios da luta pela independ&#xEA;ncia. Mia Couto &#xE9; um prosador bastante sens&#xED;vel &#xE0;s complexidades da vida e um escritor que constr&#xF3;i as narrativas inspiradas na linguagem oral, revelando a sua influ&#xEA;ncia e admira&#xE7;&#xE3;o pelo nosso Guimar&#xE3;es Rosa, sem contar a presen&#xE7;a do fant&#xE1;stico e do religioso em suas hist&#xF3;rias.</subfield>
  </datafield>
  <datafield tag="521" ind1=" " ind2=" ">
    <subfield code="a">Grade 7</subfield>
  </datafield>
  <datafield tag="697" ind1=" " ind2=" ">
    <subfield code="a">Contos mo&#xE7;ambicanos.</subfield>
  </datafield>
  <datafield tag="856" ind1=" " ind2=" ">
    <subfield code="u">000023/00002376.jpg</subfield>
  </datafield>
  <datafield tag="942" ind1=" " ind2=" ">
    <subfield code="c">BK</subfield>
    <subfield code="2">ddc</subfield>
  </datafield>
  <datafield tag="952" ind1=" " ind2=" ">
    <subfield code="0">0</subfield>
    <subfield code="1">0</subfield>
    <subfield code="2">ddc</subfield>
    <subfield code="4">0</subfield>
    <subfield code="7">0</subfield>
    <subfield code="a">12.28</subfield>
    <subfield code="b">12.28</subfield>
    <subfield code="d">2020-12-23</subfield>
    <subfield code="l">1</subfield>
    <subfield code="o">P Year 8 869 COU</subfield>
    <subfield code="p">00052368SSW</subfield>
    <subfield code="q">2024-04-02</subfield>
    <subfield code="r">2024-02-02 11:26:45</subfield>
    <subfield code="s">2024-02-02</subfield>
    <subfield code="w">2024-01-23</subfield>
    <subfield code="y">BK</subfield>
  </datafield>
  <datafield tag="952" ind1=" " ind2=" ">
    <subfield code="0">0</subfield>
    <subfield code="1">0</subfield>
    <subfield code="2">ddc</subfield>
    <subfield code="4">0</subfield>
    <subfield code="7">0</subfield>
    <subfield code="a">12.28</subfield>
    <subfield code="b">12.28</subfield>
    <subfield code="d">2020-12-23</subfield>
    <subfield code="l">0</subfield>
    <subfield code="o">P Year 8 869 COU</subfield>
    <subfield code="p">00052369SSW</subfield>
    <subfield code="r">2024-01-23 14:51:33</subfield>
    <subfield code="w">2024-01-23</subfield>
    <subfield code="y">BK</subfield>
  </datafield>
  <datafield tag="952" ind1=" " ind2=" ">
    <subfield code="0">0</subfield>
    <subfield code="1">0</subfield>
    <subfield code="2">ddc</subfield>
    <subfield code="4">0</subfield>
    <subfield code="7">0</subfield>
    <subfield code="a">12.28</subfield>
    <subfield code="b">12.28</subfield>
    <subfield code="d">2020-11-18</subfield>
    <subfield code="l">0</subfield>
    <subfield code="o">P Year 7 869 COU</subfield>
    <subfield code="p">00051388SSW</subfield>
    <subfield code="r">2024-01-23 14:51:33</subfield>
    <subfield code="w">2024-01-23</subfield>
    <subfield code="y">BK</subfield>
  </datafield>
  <datafield tag="952" ind1=" " ind2=" ">
    <subfield code="0">0</subfield>
    <subfield code="1">0</subfield>
    <subfield code="2">ddc</subfield>
    <subfield code="4">0</subfield>
    <subfield code="7">0</subfield>
    <subfield code="a">12.28</subfield>
    <subfield code="b">12.28</subfield>
    <subfield code="d">2020-11-18</subfield>
    <subfield code="l">0</subfield>
    <subfield code="o">P Year 7 869 COU</subfield>
    <subfield code="p">00051389SSW</subfield>
    <subfield code="r">2024-01-23 14:51:33</subfield>
    <subfield code="w">2024-01-23</subfield>
    <subfield code="y">BK</subfield>
  </datafield>
  <datafield tag="952" ind1=" " ind2=" ">
    <subfield code="0">0</subfield>
    <subfield code="1">0</subfield>
    <subfield code="2">ddc</subfield>
    <subfield code="4">0</subfield>
    <subfield code="7">0</subfield>
    <subfield code="a">12.27</subfield>
    <subfield code="b">12.27</subfield>
    <subfield code="d">2020-11-18</subfield>
    <subfield code="l">0</subfield>
    <subfield code="o">AP Year 7 869 COU</subfield>
    <subfield code="p">00051380AGC</subfield>
    <subfield code="r">2024-01-23 14:51:33</subfield>
    <subfield code="w">2024-01-23</subfield>
    <subfield code="y">BK</subfield>
    <subfield code="u"></subfield>
  </datafield>
  <datafield tag="952" ind1=" " ind2=" ">
    <subfield code="0">0</subfield>
    <subfield code="1">0</subfield>
    <subfield code="2">ddc</subfield>
    <subfield code="4">0</subfield>
    <subfield code="7">0</subfield>
    <subfield code="a">12.28</subfield>
    <subfield code="b">12.28</subfield>
    <subfield code="d">2020-11-18</subfield>
    <subfield code="l">0</subfield>
    <subfield code="o">P Year 7 869 COU</subfield>
    <subfield code="p">00051381SSW</subfield>
    <subfield code="r">2024-01-23 14:51:33</subfield>
    <subfield code="w">2024-01-23</subfield>
    <subfield code="y">BK</subfield>
  </datafield>
  <datafield tag="952" ind1=" " ind2=" ">
    <subfield code="0">0</subfield>
    <subfield code="1">0</subfield>
    <subfield code="2">ddc</subfield>
    <subfield code="4">0</subfield>
    <subfield code="7">0</subfield>
    <subfield code="a">12.28</subfield>
    <subfield code="b">12.28</subfield>
    <subfield code="d">2020-11-18</subfield>
    <subfield code="l">0</subfield>
    <subfield code="o">P Year 7 869 COU</subfield>
    <subfield code="p">00051382SSW</subfield>
    <subfield code="r">2024-01-23 14:51:33</subfield>
    <subfield code="w">2024-01-23</subfield>
    <subfield code="y">BK</subfield>
  </datafield>
  <datafield tag="952" ind1=" " ind2=" ">
    <subfield code="0">0</subfield>
    <subfield code="1">0</subfield>
    <subfield code="2">ddc</subfield>
    <subfield code="4">0</subfield>
    <subfield code="7">0</subfield>
    <subfield code="a">12.28</subfield>
    <subfield code="b">12.28</subfield>
    <subfield code="d">2020-11-18</subfield>
    <subfield code="l">0</subfield>
    <subfield code="o">P Year 7 869 COU</subfield>
    <subfield code="p">00051383SSW</subfield>
    <subfield code="r">2024-01-23 14:51:33</subfield>
    <subfield code="w">2024-01-23</subfield>
    <subfield code="y">BK</subfield>
  </datafield>
  <datafield tag="952" ind1=" " ind2=" ">
    <subfield code="0">0</subfield>
    <subfield code="1">0</subfield>
    <subfield code="2">ddc</subfield>
    <subfield code="4">0</subfield>
    <subfield code="7">0</subfield>
    <subfield code="a">12.28</subfield>
    <subfield code="b">12.28</subfield>
    <subfield code="d">2020-11-18</subfield>
    <subfield code="l">0</subfield>
    <subfield code="o">P Year 7 869 COU</subfield>
    <subfield code="p">00051384SSW</subfield>
    <subfield code="r">2024-01-23 14:51:33</subfield>
    <subfield code="w">2024-01-23</subfield>
    <subfield code="y">BK</subfield>
  </datafield>
  <datafield tag="952" ind1=" " ind2=" ">
    <subfield code="0">0</subfield>
    <subfield code="1">0</subfield>
    <subfield code="2">ddc</subfield>
    <subfield code="4">0</subfield>
    <subfield code="7">0</subfield>
    <subfield code="a">12.27</subfield>
    <subfield code="b">12.27</subfield>
    <subfield code="d">2020-11-18</subfield>
    <subfield code="l">0</subfield>
    <subfield code="o">AP Year 7 869 COU</subfield>
    <subfield code="p">00051385AGC</subfield>
    <subfield code="r">2024-01-23 14:51:33</subfield>
    <subfield code="w">2024-01-23</subfield>
    <subfield code="y">BK</subfield>
    <subfield code="u"></subfield>
  </datafield>
  <datafield tag="952" ind1=" " ind2=" ">
    <subfield code="0">0</subfield>
    <subfield code="1">0</subfield>
    <subfield code="2">ddc</subfield>
    <subfield code="4">0</subfield>
    <subfield code="7">0</subfield>
    <subfield code="a">12.28</subfield>
    <subfield code="b">12.28</subfield>
    <subfield code="d">2020-11-18</subfield>
    <subfield code="l">0</subfield>
    <subfield code="o">P Year 7 869 COU</subfield>
    <subfield code="p">00051386SSW</subfield>
    <subfield code="r">2024-01-23 14:51:33</subfield>
    <subfield code="w">2024-01-23</subfield>
    <subfield code="y">BK</subfield>
  </datafield>
  <datafield tag="952" ind1=" " ind2=" ">
    <subfield code="0">0</subfield>
    <subfield code="1">0</subfield>
    <subfield code="2">ddc</subfield>
    <subfield code="4">2</subfield>
    <subfield code="7">0</subfield>
    <subfield code="a">12.28</subfield>
    <subfield code="b">12.28</subfield>
    <subfield code="d">2017-12-20</subfield>
    <subfield code="l">0</subfield>
    <subfield code="o">P Year 8 869</subfield>
    <subfield code="p">00031837SSW</subfield>
    <subfield code="r">2024-01-23 14:51:33</subfield>
    <subfield code="w">2024-01-23</subfield>
    <subfield code="y">BK</subfield>
    <subfield code="u"></subfield>
  </datafield>
  <datafield tag="952" ind1=" " ind2=" ">
    <subfield code="0">0</subfield>
    <subfield code="1">0</subfield>
    <subfield code="2">ddc</subfield>
    <subfield code="4">0</subfield>
    <subfield code="7">0</subfield>
    <subfield code="a">12.28</subfield>
    <subfield code="b">12.28</subfield>
    <subfield code="d">2015-01-13</subfield>
    <subfield code="l">0</subfield>
    <subfield code="o">P Year 8 869</subfield>
    <subfield code="p">00012920SSW</subfield>
    <subfield code="r">2024-01-23 14:51:33</subfield>
    <subfield code="w">2024-01-23</subfield>
    <subfield code="y">BK</subfield>
  </datafield>
  <datafield tag="952" ind1=" " ind2=" ">
    <subfield code="0">0</subfield>
    <subfield code="1">0</subfield>
    <subfield code="2">ddc</subfield>
    <subfield code="4">0</subfield>
    <subfield code="7">0</subfield>
    <subfield code="a">12.28</subfield>
    <subfield code="b">12.28</subfield>
    <subfield code="d">2024-04-15</subfield>
    <subfield code="l">0</subfield>
    <subfield code="o">P Year 7 869 COU </subfield>
    <subfield code="p">7910509515307SSW</subfield>
    <subfield code="r">2024-04-15 14:55:42</subfield>
    <subfield code="w">2024-04-15</subfield>
    <subfield code="y">BK</subfield>
    <subfield code="u"></subfield>
  </datafield>
  <datafield tag="952" ind1=" " ind2=" ">
    <subfield code="0">0</subfield>
    <subfield code="1">0</subfield>
    <subfield code="4">0</subfield>
    <subfield code="7">0</subfield>
    <subfield code="a">12.22</subfield>
    <subfield code="b">12.22</subfield>
    <subfield code="d">2024-04-30</subfield>
    <subfield code="l">0</subfield>
    <subfield code="o">890 COU MEN</subfield>
    <subfield code="p">EST00012075</subfield>
    <subfield code="r">2024-04-30 22:14:43</subfield>
    <subfield code="w">2024-04-30</subfield>
    <subfield code="y">BK</subfield>
  </datafield>
  <datafield tag="952" ind1=" " ind2=" ">
    <subfield code="0">0</subfield>
    <subfield code="1">0</subfield>
    <subfield code="4">0</subfield>
    <subfield code="7">0</subfield>
    <subfield code="a">12.22</subfield>
    <subfield code="b">12.22</subfield>
    <subfield code="d">2024-04-30</subfield>
    <subfield code="l">0</subfield>
    <subfield code="o">890 COU MEN</subfield>
    <subfield code="p">EST00012076</subfield>
    <subfield code="r">2024-04-30 22:14:43</subfield>
    <subfield code="w">2024-04-30</subfield>
    <subfield code="y">BK</subfield>
  </datafield>
  <datafield tag="999" ind1=" " ind2=" ">
    <subfield code="c">113336</subfield>
    <subfield code="d">113336</subfield>
  </datafield>
</record>
